• 首页
  • 本馆介绍
  • 公告通知
  • 最新文献
  • 馆藏检索
  • 电子资源
  • 读者导购
  • 参考咨询
  • 我的图书馆
  • 登录
  • 详细信息显示
  • 放入我的书架
  • 预约/预借图书
  • 作者相关作品
  • 分类相关作品
  • 丛书相关作品
  • 出版社相关作品

书目信息

  • 表格格式
  • 工作单格式
  • 卡片格式
题名:
民族传统体育文化的弘扬与典型项目教学指导
    
 
作者: 陈晓梅 著
分册:  
出版信息: 北京   中国水利水电出版社  2016
页数: 289页
开本: 24cm
丛书名:
单 册:
中图分类: G852.9
科图分类:
主题词: 民族形式体育--Min Zu Xing Shi Ti Yu--研究--中国
电子资源:
ISBN: 978-7-5170-4336-2
000 01034nam0 22002291 450
001 351099
005 20161012082556.48
010    @a978-7-5170-4336-2@dCNY56.00
100    @a20160810d2016 em y0chiy50 ea
101 0  @achi
102    @aCN@b110000
105    @ay z 000yy
106    @ar
200 1  @a民族传统体育文化的弘扬与典型项目教学指导@AMin Zu Chuan Tong Ti Yu Wen Hua De Hong Yang Yu Dian Xing Xiang Mu Jiao Xue Zhi Dao@f陈晓梅著
210    @a北京@c中国水利水电出版社@d2016
215    @a289页@d24cm
330    @a本书重点研究民族传统体育文化的弘扬与典型项目的教学指导,在民族传统体育文化的弘扬这一理论部分,主要研究内容有民族传统体育的基本知识、发展历程与现状、内涵解析、与其他文化的关系、弘扬与发展的战略;在典型项目教学指导这一实践部分,重点涉及的项目有武术、养生气功、民间民俗体育以及不同少数民族地区的民族传统体育运动。
606 0  @a民族形式体育@AMin Zu Xing Shi Ti Yu@x研究@y中国
690    @aG852.9@v5
701  0 @a陈晓梅@AChen Xiao Mei@4著
801  0 @aCN@bTANGWEI@c20160811
905    @b0893116-20@dG852.9@e278@f5
    
    民族传统体育文化的弘扬与典型项目教学指导/陈晓梅著.-北京:中国水利水电出版社,2016
    289页;24cm
    
    
    ISBN 978-7-5170-4336-2:CNY56.00
    本书重点研究民族传统体育文化的弘扬与典型项目的教学指导,在民族传统体育文化的弘扬这一理论部分,主要研究内容有民族传统体育的基本知识、发展历程与现状、内涵解析、与其他文化的关系、弘扬与发展的战略;在典型项目教学指导这一实践部分,重点涉及的项目有武术、养生气功、民间民俗体育以及不同少数民族地区的民族传统体育运动。
●
相关链接 在E读中查询图书 在五车中查询图书 在当当中查询图书 在豆瓣中查询图书


正题名:民族传统体育文化的弘扬与典型项目教学指导     索取号:G852.9/278         预约/预借

序号 登录号 条形码 馆藏地/架位号 状态 备注
1 0893116   208931165   第一样本阅览室/ [索取号:G852.9/278] 在馆    
2 0893117   208931174   第四借阅区/ [索取号:G852.9/278] 在馆    
3 0893118   208931183   第四借阅区/ [索取号:G852.9/278] 在馆    
4 0893119   208931192   第四借阅区/ [索取号:G852.9/278] 在馆    
5 0893120   208931209   第四借阅区/ [索取号:G852.9/278] 在馆    
唐山师范学院图书馆 欢迎您!
大连网信软件有限公司© 版权所有